[Event "ch-RUS Rapid"]
[Site "Olginka RUS"]
[Date "2011.04.26"]
[Round "9"]
[White "Papin,V"]
[Black "Nakhapetiane,P"]
[Result "1-0"]
[WhiteElo "2569"]
[BlackElo "2495"]

1.d4 Nf6 2.c4 e6 3.Nf3 b6 4.a3 Bb7 5.Nc3 Be7 6.d5 exd5 7.cxd5 O-O 8.g3 d6
9.Bg2 Nbd7 10.Nd4 Re8 11.O-O Bf8 12.h3 g6 13.b4 a6 14.Qb3 b5 15.Ne6 Qc8 16.Nxf8 Kxf8
17.Bb2 Nb6 18.Rad1 Qd8 19.e3 Bc8 20.Ne2 Na4 21.Ba1 Nd7 22.Qd3 Ne5 23.Qd4 f6
24.g4 Kf7 25.Rc1 Qe7 26.f4 Nc4 27.e4 c5 28.bxc5 Nxc5 29.e5 Nb3 30.e6+ Kg7
31.Qc3 Nxa1 32.Rxa1 Kg8 33.Ng3 Bb7 34.Ne4 Rf8 35.g5 Bxd5 36.Nxf6+ Rxf6 37.Bxd5 Rff8
38.Bxa8 Rxa8 39.Rae1 d5 40.f5 gxf5 41.Rxf5 Re8 42.Kh1 Qb7 43.Qd4 Nd6 44.Qxd5 Qxd5+
45.Rxd5 Nc4 46.a4 bxa4 47.Rd4 Nb2 48.Re3 a5 49.e7 Kf7 50.Rf4+ Kg7 51.Rf2 Nd1
52.Rf8 Rxf8 53.exf8=Q+ Kxf8 54.Ra3 Nb2 55.Ra2 Nd3 56.Rxa4 Kg7 57.Kh2 Kg6
58.Rxa5 Nf4 59.Kg3 Nd3 60.h4 Kg7 61.Kg4 Nb4 62.Ra7+  1-0

[Event "17th Asian Cities"]
[Site "Jakarta INA"]
[Date "2011.04.27"]
[Round "8.7"]
[White "Jones,Le"]
[Black "Abdulkarim,A"]
[Result "1/2-1/2"]
[WhiteElo "2109"]
[BlackElo "1898"]

1.d4 Nf6 2.c4 e6 3.Nf3 b6 4.a3 Ba6 5.Qc2 c5 6.d5 exd5 7.cxd5 g6 8.Nc3 Bg7
9.g3 O-O 10.Bg2 d6 11.O-O Re8 12.a4 Ng4 13.Re1 Nd7 14.Bg5 Bf6 15.Bf4 Qe7
16.h3 Nge5 17.Nxe5 Bxe5 18.Bd2 Bg7 19.f4 Bd4+ 20.e3 Bg7 21.Kh2 c4 22.Nb5 Nc5
23.Ra2 Bxb5 24.axb5 Nb3 25.Bc3 Rac8 26.Ra4 Qc7 27.Bf1 Bxc3 28.Qxc3 Na5 29.Rd1 Qc5
30.Rd4 Qxb5 31.Rb4 Qc5 32.Rbxc4 Nxc4 33.Rxc4 Qxc4 34.Bxc4 b5 35.b3 bxc4 36.bxc4 Re4
37.Qa3 Rcxc4 38.Kg2 Ra4 39.Qxd6 Rxe3 40.h4 Ra2+ 41.Kh3 Raa3 42.Qb8+ Kg7 43.Qb2+ Kg8
44.Qb8+ Kg7 45.Qb2+  1/2-1/2

[Event "Spring Cup LCC 2011"]
[Site "Lviv UKR"]
[Date "2011.04.30"]
[Round "4.4"]
[White "Khrinovskyi,Oleksiy"]
[Black "Yashchenko,O"]
[Result "1-0"]
[WhiteElo "2106"]
[BlackElo "1768"]

1.d4 Nf6 2.c4 e6 3.Nf3 b6 4.a3 Bb7 5.Nc3 Be7 6.Bg5 O-O 7.e3 d5 8.cxd5 Nxd5
9.Bxe7 Qxe7 10.Rc1 Rc8 11.Bc4 Nf6 12.Rc2 Nbd7 13.O-O Ne4 14.d5 Nxc3 15.Rxc3 exd5
16.Bxd5 Bxd5 17.Qxd5 c5 18.Qb7 Qd6 19.Qa6 Nf6 20.Rd3 Qc7 21.Rfd1 h6 22.h3 c4
23.Rc3 Ne4 24.Rc2 Rab8 25.Nd4 Nd6 26.Nb5 Nxb5 27.Qxb5 Qc6 28.Qxc6 Rxc6 29.Rd7 a6
30.Kf1 Rbc8 31.Ra7 b5 32.Ke2 Kf8 33.Rd2 R8c7  1-0

[Event "29th Metz Open A"]
[Site "Longeville-les-Metz FRA"]
[Date "2011.05.02"]
[Round "1.19"]
[White "Achereiner,G"]
[Black "Aguettaz,M"]
[Result "0-1"]
[WhiteElo "2044"]
[BlackElo "2417"]

1.d4 Nf6 2.c4 e6 3.Nf3 b6 4.a3 Bb7 5.Nc3 d5 6.cxd5 Nxd5 7.Qc2 Nxc3 8.Qxc3 Nd7
9.Bg5 f6 10.Bh4 Bd6 11.e3 Qe7 12.Bb5 c6 13.Bd3 c5 14.e4 cxd4 15.Qxd4 Rd8
16.O-O Nc5 17.Bb5+ Kf7 18.e5 Bxf3 19.exd6 Rxd6 20.Qe3 Bc6 21.Bxc6 Rxc6 22.Rac1 Rhc8
23.b4 Nd7 24.Rxc6 Rxc6 25.Qe4 Rc3 26.Qxh7 Rxa3 27.Qh5+ Kg8 28.Rd1 Qxb4 29.g4 Nf8
30.Bg3 Rd3 31.Rc1 Qd2 32.Rc7 Rd7 33.Rc8 Qd1+ 34.Kg2 Qd5+  0-1

[Event "ch-UKR semi-final"]
[Site "Alushta UKR"]
[Date "2011.05.04"]
[Round "2.38"]
[White "Mischuk,D"]
[Black "Tkachova,A"]
[Result "1-0"]
[WhiteElo "2317"]
[BlackElo "1969"]

1.d4 Nf6 2.c4 e6 3.Nf3 b6 4.a3 Bb7 5.Nc3 Be7 6.d5 d6 7.e4 O-O 8.Bd3 c6 9.O-O Nbd7
10.b4 exd5 11.cxd5 cxd5 12.exd5 Ne5 13.Bb2 Nfd7 14.Nxe5 Nxe5 15.Be2 Rc8 16.Qb3 Qd7
17.h3 f5 18.f4 Ng6 19.Bb5 Qd8 20.Bc6 Ba8 21.Nb5 Bf6 22.Nxa7 Rc7 23.Nb5 Re7
24.Bxf6 Rxf6 25.Nd4 Re4 26.Ne6 Qb8 27.b5 Nf8 28.Ng5 Re7 29.Rae1 Rc7 30.Re8 Rc8
31.Rfe1  1-0

[Event "ch-UKR semi-final"]
[Site "Alushta UKR"]
[Date "2011.05.05"]
[Round "3.35"]
[White "Luzhinsky,V"]
[Black "Varchenko,G"]
[Result "1-0"]
[WhiteElo "2362"]
[BlackElo "2128"]

1.d4 Nf6 2.c4 e6 3.Nf3 b6 4.a3 Bb7 5.Nc3 d5 6.cxd5 exd5 7.g3 Nbd7 8.Bg2 a6
9.O-O Bd6 10.Nh4 g6 11.Bh6 Qe7 12.Qb3 Qe6 13.Nf3 O-O-O 14.Ng5 Qe7 15.Nxd5 Nxd5
16.Bxd5 Nf6 17.Bxb7+ Kxb7 18.Nxf7 Qxe2 19.Nxh8 Qh5 20.Nf7 Ng4 21.Nxd8+ Kc8
22.h4  1-0

[Event "13th Salou Open"]
[Site "Salou ESP"]
[Date "2011.05.09"]
[Round "7"]
[White "Cornette,M"]
[Black "Del Rio de Angelis,S"]
[Result "1/2-1/2"]
[WhiteElo "2562"]
[BlackElo "2508"]

1.d4 e6 2.c4 Nf6 3.Nf3 b6 4.a3 Bb7 5.Nc3 d5 6.Bg5 Be7 7.Qa4+ Qd7 8.Qc2 O-O
9.e3 c5 10.dxc5 bxc5 11.Rd1 d4 12.Bd3 h6 13.Bxf6 Bxf6 14.Ne4 Be7 15.exd4 cxd4
16.O-O a5 17.c5 Nc6 18.Bb5 Rfd8 19.Rfe1 Qc7 20.Qc4 Na7 21.Ba4  1/2-1/2

[Event "ch-UKR semi-final"]
[Site "Alushta UKR"]
[Date "2011.05.10"]
[Round "8.56"]
[White "Rybakov,S UKR"]
[Black "Martynov,Roman"]
[Result "0-1"]
[WhiteElo "2005"]
[BlackElo "2222"]

1.d4 Nf6 2.c4 e6 3.Nf3 b6 4.a3 d5 5.Nc3 Be7 6.Qc2 c5 7.cxd5 exd5 8.e3 O-O
9.Bd3 Bb7 10.O-O Nbd7 11.b3 Re8 12.Bb2 Bf8 13.Bf5 g6 14.Bh3 a6 15.dxc5 bxc5
16.Ne2 Nb6 17.Rfd1 Qe7 18.Nf4 Rad8 19.a4 d4 20.exd4 Bxf3 21.gxf3 cxd4 22.Bxd4 Nbd5
23.Ng2 Nh5 24.Qc1 Qb7 25.Rb1 Bd6 26.Ba1 Qb8 27.Qc4 Nhf6 28.f4 a5 29.Rxd5 Nxd5
30.Qxd5 Bxf4 31.Qf3 Bxh2+ 32.Kh1 Be5 33.Bxe5 Qxe5 34.Ne3 Kg7 35.Bf1 Rd4 36.Kg1 Re6
37.Bh3 Rf6 38.Qg2 h5 39.Re1 Qc5 40.Qg3 Rdf4 41.Re2 Rf3 42.Qh2 g5 43.Bf1 g4
44.Rc2 Qg5 45.Nd1 g3 46.Qg2 Kh6 47.Rc6 gxf2+ 48.Nxf2 Rxc6 49.Qxg5+ Kxg5 50.Bc4 f5
51.Kg2 Rxc4 52.bxc4 Rc3 53.Nh3+ Kg4 54.Nf2+ Kh4 55.Nd1 Rxc4 56.Ne3 Rf4 57.Kg1 Kg5
58.Kg2 Rxa4  0-1

[Event "ch-Euro Indiv Women"]
[Site "Tbilisi GEO"]
[Date "2011.05.10"]
[Round "4"]
[White "Manakova,M"]
[Black "Kakutia,A"]
[Result "1-0"]
[WhiteElo "2303"]
[BlackElo "1727"]

1.d4 Nf6 2.c4 e6 3.Nf3 b6 4.a3 Bb7 5.Nc3 c5 6.d5 exd5 7.cxd5 d6 8.e4 Nbd7
9.Bb5 a6 10.Bc6 Bxc6 11.dxc6 Ne5 12.Nxe5 dxe5 13.Bg5 Qc7 14.Bxf6 gxf6 15.Qa4 Bg7
16.Nd5 Qa7 17.c7+ b5 18.Qd1 O-O 19.Qg4 Kh8 20.Rc1 Rac8 21.Rc3 Rxc7 22.Rg3 Rg8
23.Nxf6 Rcc8 24.Qf5  1-0

[Event "ch-Euro Indiv Women"]
[Site "Tbilisi GEO"]
[Date "2011.05.10"]
[Round "4"]
[White "Kuchava,A"]
[Black "Yildiz,B"]
[Result "1/2-1/2"]
[WhiteElo "1973"]
[BlackElo "2219"]

1.d4 Nf6 2.c4 e6 3.Nf3 b6 4.a3 Ba6 5.Qb3 d5 6.cxd5 exd5 7.Bg5 Be7 8.Nc3 c6
9.Bxf6 Bxf6 10.e4 Bxf1 11.Rxf1 dxe4 12.Nxe4 O-O 13.O-O-O Nd7 14.Kb1 Qc7 15.Rfe1 Qf4
16.Re3 Rac8 17.Qa4 Rc7 18.Ka1 Qf5 19.Rc1 c5 20.Nd6 Qd5 21.Nb5 Rb7 22.Nc3 Qf5
23.Ne4 Rc7 24.Nd6 Qd5 25.Nb5 Rb7 26.Nc3 Qf5  1/2-1/2

[Event "ch-Euro Indiv Women"]
[Site "Tbilisi GEO"]
[Date "2011.05.11"]
[Round "5"]
[White "Batsiashvili,N"]
[Black "Cramling,P"]
[Result "0-1"]
[WhiteElo "2399"]
[BlackElo "2468"]

1.d4 Nf6 2.c4 e6 3.Nf3 b6 4.a3 Bb7 5.Nc3 d5 6.cxd5 Nxd5 7.Qc2 Nd7 8.e4 Nxc3
9.bxc3 c5 10.Bd3 Qc8 11.Qa2 Ba6 12.Bxa6 Qxa6 13.Qe2 Qxe2+ 14.Kxe2 Nf6 15.Nd2 Be7
16.f3 Rc8 17.Bb2 O-O 18.Rhc1 Nd7 19.a4 f5 20.Ba3 Bg5 21.Rc2 Rfd8 22.Nc4 cxd4
23.cxd4 Nb8 24.Kd3 Na6 25.Nd6 Rxc2 26.Kxc2 Bf4 27.e5 Bxh2 28.Nb5 Nb8 29.Bd6 Nc6
30.Rd1 Rc8 31.Kd3 h6 32.Nc7 Nb4+ 33.Ke2 Nd5 34.Rc1 Kf7 35.Rc6 Nxc7 36.d5 exd5
37.e6+ Nxe6 38.Rxc8 Bxd6 39.Ra8 a5 40.Ra7+ Kf6 41.Rd7 Bb4  0-1

[Event "ch-Euro Indiv Women"]
[Site "Tbilisi GEO"]
[Date "2011.05.12"]
[Round "6"]
[White "Kuchava,A"]
[Black "Arabidze,M"]
[Result "0-1"]
[WhiteElo "1973"]
[BlackElo "2277"]

1.d4 Nf6 2.c4 e6 3.Nf3 b6 4.a3 Bb7 5.Nc3 d5 6.cxd5 Nxd5 7.e3 Be7 8.Bb5+ c6
9.Bd3 Nxc3 10.bxc3 c5 11.O-O Nc6 12.a4 O-O 13.Ba3 cxd4 14.Bxe7 Qxe7 15.cxd4 Rac8
16.Be4 Na5 17.Bxb7 Qxb7 18.Qd3 Qc6 19.h3 h6 20.Ne5 Qc2 21.Qa6 Nb3 22.Rab1 Nd2
23.Rbc1 Qxc1 24.Rxc1 Rxc1+ 25.Kh2 Nf1+ 26.Kg1 Nxe3+ 27.Kh2 Nd5 28.Qxa7 Rc2
29.Kg1 Rc7 30.Qa6 Rb8 31.Qb5 Ra8 32.Nc6 Rac8 33.Ne5 h5 34.Kh2 Ra8 35.Nc6 g6
36.Nb4 Nxb4 37.Qxb4 Rd7 38.Kg3 Rd5 39.Kf3 Rda5 40.Qxb6 Rxa4 41.Kf4 R4a5 42.g4 Rd5
43.f3 Ra4 44.Kg3 Raxd4 45.Qb8+ Kg7 46.Qb2 Kh7 47.Qb8 hxg4 48.hxg4 Kg7 49.Qb2 e5
50.Qc3 Rd3 51.Qb2 R5d4 52.Qb8 e4 53.Qe5+ Kh7 54.Kh4 exf3 55.Qf6 Rd7 56.Kg3 Kg8
57.Qe5 R7d6 58.Qe8+ Kg7 59.Qe5+ Rf6 60.Kf2 Rd2+ 61.Kf1 f2 62.Qa1 g5 63.Qc1 Rd5
64.Qc2 Re5 65.Qb2 Re1+  0-1

[Event "TCh-UKR Clubs 2011"]
[Site "Alushta UKR"]
[Date "2011.05.13"]
[Round "1.3"]
[White "Khader,Sam"]
[Black "Simonian,H"]
[Result "1/2-1/2"]
[WhiteElo "2411"]
[BlackElo "2468"]

1.d4 Nf6 2.c4 e6 3.Nf3 b6 4.a3 Bb7 5.Nc3 d5 6.cxd5 Nxd5 7.Qc2 Nxc3 8.bxc3 Be7
9.e4 O-O 10.Bd3 c5 11.O-O Nc6 12.Bb2 cxd4 13.cxd4 Rc8 14.Qe2 Bf6 15.Rad1 Na5
16.Rfe1 Re8 17.Bb5 Bc6 18.Ba6 Rc7 19.Rc1 Ba4 20.h4 Rxc1 21.Rxc1 Qd7 22.Bd3 Nb3
23.Rc4 Bb5 24.h5 Bxc4 25.Bxc4 Na5 26.Bb5 Qc8 27.e5 Be7 28.h6 Rd8 29.hxg7 Kxg7
30.Bd3 Qc6 31.Nh2 Rg8 32.Ng4 Kf8 33.Ne3 Bg5 34.d5 exd5 35.Nf5 Nc4 36.Bc3 a5
37.Nd4 Qh6 38.Nf5 Qe6 39.Nd4 Qh6 40.Nf5 Qe6 41.Nd4 Qh6  1/2-1/2

[Event "FSIM May"]
[Site "Budapest HUN"]
[Date "2011.05.13"]
[Round "7.6"]
[White "Farago,S"]
[Black "Battey,A"]
[Result "0-1"]
[WhiteElo "2281"]
[BlackElo "2269"]

1.d4 Nf6 2.c4 e6 3.Nf3 b6 4.a3 Bb7 5.Nc3 d5 6.cxd5 Nxd5 7.Bd2 Be7 8.Qa4+ Qd7
9.Qc2 O-O 10.e4 Nxc3 11.Bxc3 c5 12.dxc5 bxc5 13.Ne5 Qc7 14.Rd1 Rd8 15.Rxd8+ Bxd8
16.Nc4 Nc6 17.Bd3 Nd4 18.Qd1 Be7 19.Qg4 Ba6 20.O-O Bf8 21.f4 Re8 22.Qh3 Qc6
23.e5 g6 24.Nd2 Rd8 25.Bxa6 Qxa6 26.Ne4 Be7 27.Qe3 Nf5 28.Qf2 Qc4 29.Re1 h5
30.Qe2 Qa4 31.g3 c4 32.Kg2 Rd3 33.Qf2 Bd8 34.Kh3 Bb6 35.Nf6+ Kg7 36.Qg2 h4
37.Ne4 Qe8 38.Kg4 Qh8 39.Nf6 hxg3 40.Qh3 g2  0-1

[Event "ch-Euro Indiv Women"]
[Site "Tbilisi GEO"]
[Date "2011.05.15"]
[Round "8"]
[White "Manakova,M"]
[Black "Tsatsalashvili,K"]
[Result "1-0"]
[WhiteElo "2303"]
[BlackElo "2280"]

1.d4 Nf6 2.c4 e6 3.Nf3 b6 4.a3 Ba6 5.Qc2 Bb7 6.Nc3 c5 7.e4 cxd4 8.Nxd4 Bc5
9.Nb3 Nc6 10.Bg5 h6 11.Bh4 a6 12.O-O-O g5 13.Bg3 e5 14.f3 Nd4 15.Nxd4 Bxd4
16.Ne2 Be3+ 17.Kb1 Qe7 18.Qc3 Bf4 19.Bf2 b5 20.Nxf4 gxf4 21.cxb5 Rc8 22.Qb4 Qxb4
23.axb4 axb5 24.Bxb5 Bc6 25.Ba6 Rb8 26.Bc5 Rg8 27.Rd2 Rg6 28.Re1 Ng8 29.Bc4 f6
30.Red1 Ne7 31.Bd6 Rb6 32.b5 Bxb5 33.Bxb5 Rxb5 34.Bxe7 Kxe7 35.Rxd7+ Ke8
36.Rd8+ Ke7 37.R1d7+ Ke6 38.Rd2 Rb4 39.Re8+ Kf7 40.Ra8 Rd4 41.Rc2 Rd7 42.Ka2 Rg5
43.b4 f5 44.exf5 Rxf5 45.Rb2 Rb7 46.Ra5 Rg5 47.Ra6 Kg7 48.Kb3 h5 49.Re2 e4
50.fxe4 h4 51.Rf2 h3 52.gxh3 Rgb5 53.Ra4 Rh5 54.Rf3 Re7 55.Rxf4 Rxh3+ 56.Kc4 Rxh2
57.Ra5 Rc7+ 58.Rc5 Rc2+ 59.Kb5  1-0

[Event "zt 2.5"]
[Site "Asuncion PAR"]
[Date "2011.05.17"]
[Round "2"]
[White "Sabas,J"]
[Black "Valdes Escobar,A"]
[Result "0-1"]
[WhiteElo "2267"]
[BlackElo "2419"]

1.d4 Nf6 2.c4 e6 3.Nf3 b6 4.a3 Ba6 5.Qc2 Bb7 6.Nc3 c5 7.e4 cxd4 8.Nxd4 Bc5
9.Nb3 Nc6 10.Bg5 h6 11.Bh4 Nd4 12.Nxd4 Bxd4 13.Bd3 Qb8 14.Ne2 Be5 15.Bg3 g5
16.c5 O-O 17.cxb6 axb6 18.h4 Bxg3 19.Nxg3 Qf4 20.hxg5 hxg5 21.Qd2 Qe5 22.Qe3 d5
23.Nf5 Nxe4 24.Qh3 Ng3+ 25.Kd2 Qxb2+ 26.Bc2 Ne4+ 27.Ke1 Qxa1+ 28.Ke2 Ba6+
29.Kf3 Qxh1 30.Ne7+ Kg7 31.Qxh1 Rfe8 32.Nc6 Rac8 33.Qa1+ f6 34.Ba4 b5 35.Nb4 bxa4
36.Nxa6 Rc3+ 37.Ke2 Rc2+ 38.Ke1 Rh8  0-1

[Event "CUCA Open"]
[Site "Luanda ANG"]
[Date "2011.05.18"]
[Round "2"]
[White "Oliveira,Luciano"]
[Black "Agostinho,Tito Andre Quiela"]
[Result "1-0"]
[WhiteElo "2186"]
[BlackElo "2276"]

1.d4 Nf6 2.c4 e6 3.Nf3 b6 4.a3 Bb7 5.Nc3 Be7 6.Qc2 d5 7.Bg5 Nbd7 8.e3 a6
9.cxd5 exd5 10.Rd1 O-O 11.Be2 c5 12.Ne5 c4 13.a4 Qc7 14.f4 Bb4 15.Bf3 b5
16.O-O Bxc3 17.bxc3 bxa4 18.Qxa4 Nb6 19.Qa5 Rfb8 20.f5 Bc8 21.Bf4 Rb7 22.Nd3 Qc6
23.Nc5 Re7 24.g4 h5 25.g5 Nfd7 26.Rb1 Nxc5 27.Qxc5 Qxc5 28.dxc5 Na4 29.Bxd5 Bxf5
30.Bxa8 Bxb1 31.Rxb1 Nxc3 32.Rb4 Nb5  1-0

[Event "ch-Euro Indiv Women"]
[Site "Tbilisi GEO"]
[Date "2011.05.18"]
[Round "11"]
[White "Kuchava,A"]
[Black "Makka,I"]
[Result "1/2-1/2"]
[WhiteElo "1973"]
[BlackElo "2101"]

1.d4 Nf6 2.c4 e6 3.Nf3 b6 4.a3 Ba6 5.Qb3 Nc6 6.Bd2 Ne7 7.Nc3 Bb7 8.Bg5 Ng6
9.d5 Be7 10.h4 exd5 11.cxd5 h6 12.Bd2 Bd6 13.h5 Ne7 14.e4 Ng4 15.Qc4 a5 16.Na4 f6
17.Nd4 Ne5 18.Qc2 Nf7 19.Nb5 Ba6 20.Nxd6+ Nxd6 21.Bxa6 Rxa6 22.Bf4 O-O 23.Qd3 Ra7
24.O-O Nec8 25.Rac1 Qe8 26.Qf3 Rf7 27.Nc3 Re7 28.Rfe1 Rb7 29.a4 Kh8 30.Nb5 Nxb5
31.axb5 d6 32.Bxh6 Re5 33.Bf4 Rxh5 34.g4 Rh7 35.Kg2 Ne7 36.Rh1 Ng6 37.Bg3 Rxh1
38.Rxh1+ Kg8 39.Qf5 Nf8 40.f3 Rb8 41.Bh4 Qg6 42.Qxg6 Nxg6 43.Bg3 Rb7 44.f4 Ra7
45.Rc1 Kf7 46.Kf3 Ke7 47.Be1 Nf8 48.Bc3 Nd7 49.Rh1 Kf7 50.Ke3 Ra8 51.Kf3 Nf8  1/2-1/2

[Event "TCh-UKR Clubs 2011"]
[Site "Alushta UKR"]
[Date "2011.05.20"]
[Round "8.5"]
[White "Korobov,A"]
[Black "Brodsky,M"]
[Result "1-0"]
[WhiteElo "2660"]
[BlackElo "2558"]

1.d4 Nf6 2.c4 e6 3.Nf3 b6 4.a3 Ba6 5.Qc2 c5 6.d5 exd5 7.cxd5 g6 8.Nc3 Bg7
9.g3 O-O 10.Bg2 d6 11.O-O Re8 12.Re1 Nbd7 13.Bf4 Qe7 14.Qa4 Bb7 15.e4 Ng4
16.Bg5 Bf6 17.Bxf6 Ngxf6 18.Nb5 Red8 19.Rad1 a6 20.Nc3 b5 21.Qa5 Re8 22.a4 bxa4
23.Nxa4 Rab8 24.Nc3 Bc8 25.Qa3 Qd8 26.h3 Rb4 27.Nd2 g5 28.b3 Ne5 29.Re3 g4
30.h4 Nfd7 31.Ne2 Ng6 32.Nc4 Nde5 33.Nxe5 Rxe5 34.Nc1 f5 35.Nd3 Rd4 36.Qc1 Re7
37.Rde1 Kf7 38.h5 Ne5 39.Nxe5+ Rxe5 40.exf5 Rxf5 41.Qc2 Rxh5 42.Qe2 Bf5 43.Qxa6 Rg5
44.Re6 Rg6 45.Qa7+ Kf8 46.Qxh7 Bxe6 47.dxe6 Rg7 48.Qh8+ Rg8 49.Qh6+  1-0

[Event "20th Croatian Cup"]
[Site "Sibenik CRO"]
[Date "2011.05.22"]
[Round "6.13"]
[White "Jankovic,A"]
[Black "Saric,A"]
[Result "1/2-1/2"]
[WhiteElo "2573"]
[BlackElo "2489"]

1.d4 Nf6 2.c4 e6 3.Nf3 b6 4.a3 Ba6 5.e3 d5 6.Nbd2 Be7 7.b3 O-O 8.Bb2 Nbd7
9.Be2 c5 10.O-O cxd4 11.exd4  1/2-1/2

[Event "84th ch-St Petersburg"]
[Site "St Petersburg RUS"]
[Date "2011.05.23"]
[Round "3"]
[White "Usmanov,V"]
[Black "Fedoseev,Vl3"]
[Result "1/2-1/2"]
[WhiteElo "2289"]
[BlackElo "2506"]

1.d4 Nf6 2.c4 e6 3.Nf3 b6 4.a3 Bb7 5.Nc3 Be7 6.d5 d6 7.e4 e5 8.Be2 O-O 9.O-O g6
10.Bh6 Re8 11.Ne1 Kh8 12.Qd2 Nbd7 13.b4 c5 14.Nd3 Rc8 15.Be3 cxb4 16.axb4 Rxc4
17.f3 Qb8 18.b5 Rec8 19.Rfc1 Nh5 20.Qb2 R4c7 21.Nb4 Nc5 22.Nc6 Bxc6 23.dxc6 Nf6
24.Nd5 Nxd5 25.exd5 Bf6 26.Bxc5 bxc5 27.Ra6 Kg7 28.Qb3 Bd8 29.b6 axb6 30.Qxb6 Re7
31.Qxb8 Rxb8 32.Rca1 Rb2 33.R6a2 Rb4 34.Ra7 Rb1+ 35.Kf2 Rxa1 36.Rxa1 Bb6
37.Bc4 Kf6 38.Ke3 Rc7 39.Ra8 Re7 40.Ba6 Kg5 41.Rb8 Ba5 42.Ra8 f5 43.Bc8 Bb6
44.Ra6 Bd8 45.Bd7 c4 46.Ra4 c3 47.Kd3 e4+ 48.Kxc3 e3 49.f4+ Kf6 50.Be6 Bb6
51.Kd3 g5 52.g3 gxf4 53.gxf4 Rg7 54.Rb4 Bc5 55.Rb8 Re7 56.Rf8+ Kg7 57.Rf7+ Rxf7
58.Bxf7 Bb6 59.Bh5 Kf6 60.Kc4 Ke7 61.Kb5 Bc7 62.Ka6 Kd8 63.Kb7 Ba5  1/2-1/2

[Event "ch-Siberia Women"]
[Site "Barnaul RUS"]
[Date "2011.05.24"]
[Round "5"]
[White "Trapeznikova,D"]
[Black "Avdeenko,T"]
[Result "0-1"]
[WhiteElo "1988"]
[BlackElo "2175"]

1.d4 Nf6 2.c4 e6 3.Nf3 b6 4.a3 Bb7 5.Nc3 d5 6.cxd5 Nxd5 7.Qc2 Nxc3 8.bxc3 Nd7
9.e4 c5 10.Bb5 a6 11.Bd3 Rc8 12.Qe2 c4 13.Bc2 Be7 14.O-O O-O 15.Nd2 b5 16.f4 Nb6
17.e5 g6 18.Be4 Nd5 19.Qf3 f5 20.exf6 Bxf6 21.Qg4 Qb6 22.Bxd5 Bxd5 23.Nf3 Be4
24.Be3 a5 25.Ne5 Qd6 26.Qe2 Qd5 27.Qd2 Rb8 28.Ra2 b4 29.axb4 axb4 30.Rb2 b3
31.Ra1 Ra8 32.Rxa8 Rxa8 33.h3 Bh4 34.Bf2 Ra1+ 35.Kh2 Be7 36.Qe2 Bxg2 37.Bg1 Bf1
38.Qg4 Ra2  0-1

[Event "Zonal 3.3 Women"]
[Site "Tagaytay City PHI"]
[Date "2011.05.27"]
[Round "5"]
[White "Hoang Thi Bao Tram"]
[Black "Sukandar,I"]
[Result "0-1"]
[WhiteElo "2325"]
[BlackElo "2362"]

1.d4 Nf6 2.Nf3 e6 3.c4 b6 4.a3 d5 5.Nc3 Bb7 6.Bg5 Be7 7.cxd5 exd5 8.g3 O-O
9.Bg2 Nbd7 10.O-O Ne4 11.Bxe7 Qxe7 12.Rc1 a6 13.Re1 Rfe8 14.e3 Qd6 15.Qc2 Re7
16.Nh4 Qf6 17.b4 Nf8 18.Qa2 Rd8 19.Nf3 c5 20.bxc5 bxc5 21.Re2 Ne6 22.Nxe4 dxe4
23.Nd2 cxd4 24.Nxe4 Qg6 25.f3 Bxe4 26.fxe4 d3 27.Rd2 Qg5 28.Re1 Nc5 29.Qc4 h5
30.Kh1 h4 31.e5 Rxe5 32.gxh4 Qe7 33.Rf1 Rxe3 34.Bd5 Rf8 35.Rdf2 Re1 36.Rxe1 Qxe1+
37.Kg2 Qe7 38.a4 Kh8 39.Qg4 Qe5 40.Bxf7 Qe4+ 41.Qxe4 Nxe4 42.Rf5 g6 43.Bxg6 Rxf5
44.Bxf5 d2 45.Bg4 Nc3  0-1

[Event "Stuttgart International Open"]
[Site "Gerlingen GER"]
[Date "2011.06.03"]
[Round "4.6"]
[White "Graf,F"]
[Black "Schulte,T"]
[Result "1-0"]
[WhiteElo "2318"]
[BlackElo "2146"]

1.d4 Nf6 2.c4 e6 3.Nf3 b6 4.a3 d5 5.cxd5 exd5 6.Qa4+ c6 7.Bg5 Be7 8.e3 O-O
9.Bd3 h6 10.Bf4 Bb7 11.O-O Nbd7 12.Nc3 Nh5 13.Be5 f6 14.Bg3 Nxg3 15.hxg3 f5
16.Rad1 c5 17.Bb5 Nf6 18.dxc5 bxc5 19.Nh4 Qc8 20.Ng6 Rf7 21.Ne5 Rf8 22.Ng6 Rf7
23.Qc2 Qe6 24.Nf4 Qe5 25.Ng6 Qe6 26.Nf4 Qe5 27.Bd3 Ne4 28.Ncxd5 Bxd5 29.Nxd5 Qxd5
30.Bc4 Qe5 31.Qb3 Rf8 32.Rd7 Nd6 33.Bxf7+ Rxf7 34.Rd1 c4 35.Qb8+ Rf8 36.Qxa7 Nc8
37.Qc7 Qxc7 38.Rxc7 Bf6 39.Rxc4 Bxb2 40.a4  1-0

[Event "29th Liechtenstein Open"]
[Site "Triesen LIE"]
[Date "2011.06.04"]
[Round "9.9"]
[White "Kelecevic,N"]
[Black "Simon,Er1"]
[Result "1/2-1/2"]
[WhiteElo "2279"]
[BlackElo "2098"]

1.d4 e6 2.c4 Nf6 3.Nf3 b6 4.a3 Bb7 5.Nc3 d5 6.cxd5 Nxd5 7.Qc2 c5 8.e4 Nxc3
9.bxc3 cxd4 10.cxd4 Nd7 11.Bd3 Be7 12.O-O O-O 13.Bb2 a6 14.a4 Qb8 15.Qe2 Rc8
16.h3 h6 17.Rfb1 Bd6 18.e5 Be7 19.Nd2 Qa7 20.Ne4 Bd5 21.Ba3 Bxa3 22.Rxa3 Bxe4
23.Bxe4 Rab8 24.Rg3 f5 25.exf6 Nxf6 26.Bd3 b5 27.Qe5 Kh8 28.axb5 axb5 29.Bxb5 Rd8
30.Rgb3 Qxd4  1/2-1/2

[Event "ch-Flanders 2011"]
[Site "Ghent BEL"]
[Date "2011.06.05"]
[Round "7.4"]
[White "Lacrosse,M"]
[Black "Penson,T"]
[Result "1/2-1/2"]
[WhiteElo "2170"]
[BlackElo "2246"]

1.d4 e6 2.c4 Nf6 3.Nf3 b6 4.a3 d5 5.cxd5 exd5 6.Nc3 Be7 7.Qa4+ Bd7 8.Qc2 O-O
9.Bg5 c6 10.e3 h6 11.Bh4 Be6 12.Rd1 Qc8 13.Be2 Qb7 14.Ne5 Qc8 15.f4 Bf5 16.Qc1 Re8
17.O-O Ng4 18.Bxe7 Nxe5 19.fxe5 Rxe7 20.Rf4 Be6 21.Rdf1 Nd7 22.R1f3 Nf8 23.Bd3 Ng6
24.Bxg6 fxg6 25.Rf1 g5 26.R4f2 Rf7 27.Qc2 Qd7 28.Ne2 Raf8 29.Ng3 Rxf2 30.Rxf2 Rxf2
31.Kxf2 Kf8 32.Qg6 Qf7+ 33.Qxf7+ Kxf7 34.e4 Kg6 35.Ke3 c5 36.exd5 Bxd5 37.Ne4 Kf5
38.Nd6+ Ke6 39.g3 Bb3 40.Ne4 Bd5 41.Nc3 Bc6 42.Ne4 Bd5 43.Nd6 Bc6 44.Nc8 Bd7
45.Nxa7 Kd5 46.dxc5 bxc5 47.b4 cxb4 48.axb4 Kxe5 49.b5 Kd6 50.Kd4 h5 51.Ke4 h4
52.Kd4 g6 53.Ke4 Bf5+ 54.Ke3 Kc5 55.Nc6 hxg3 56.hxg3 Kxb5 57.Nd4+ Kc4 58.Ne2 Kd5
59.Nd4 Be4 60.Ne2 Ke5 61.Nc3 Bc6 62.Nd1 Kf5 63.Nf2  1/2-1/2

[Event "TCh-BUL GpA Men"]
[Site "Albena BUL"]
[Date "2011.06.06"]
[Round "5.1"]
[White "Nikolov,Sas"]
[Black "Grigorov,G"]
[Result "1/2-1/2"]
[WhiteElo "2418"]
[BlackElo "2497"]

1.d4 Nf6 2.c4 e6 3.Nf3 b6 4.a3 Bb7 5.Nc3 d5 6.cxd5 Nxd5 7.Qc2 Nxc3 8.bxc3 Be7
9.e4 O-O 10.Bd3 c5 11.O-O Qc7 12.Qe2 Nd7 13.a4 Rac8 14.Be3 Rfd8 15.Rfb1 c4
16.Bc2 e5 17.a5 bxa5 18.Rb5 a4 19.Nxe5 a6 20.Rxb7 Qxb7 21.Nxd7 Qxd7 22.Bxa4 Qb7
23.Bf4 Qb6 24.h3 g6 25.e5 Rxd4 26.cxd4 Qxd4 27.Qd1 Qxf4 28.Qd7 Rc5 29.Qxe7 Rxe5
30.Qd8+ Kg7 31.g3 Rg5 32.Rd1 Rxg3+  1/2-1/2

[Event "Djakovacki vezovi Open A"]
[Site "Djakovo CRO"]
[Date "2011.06.10"]
[Round "4.4"]
[White "Sertic,Ru"]
[Black "Ascic,P"]
[Result "1-0"]
[WhiteElo "2401"]
[BlackElo "2303"]

1.Nf3 Nf6 2.d4 e6 3.c4 b6 4.a3 Bb7 5.Nc3 d6 6.Qc2 Nbd7 7.e4 e5 8.Be2 Be7
9.O-O O-O 10.Rd1 exd4 11.Nxd4 Re8 12.f3 Bf8 13.Nf5 Qc8 14.Nd5 Re6 15.b4 a5
16.Rb1 axb4 17.axb4 Qb8 18.Bg5 h6 19.Bh4 c6 20.Nc3 g6 21.Ne3 Qe8 22.Bf1 Rc8
23.Qd2 Ra8 24.Kh1 Kh7 25.Nc2 Qc8 26.Bg3 Nh5 27.Bf2 Nhf6 28.Bh4 Kg8 29.Ne3 Qc7
30.Bd3 Ree8 31.Bc2 Re6 32.Bb3 Rae8 33.Bg3 Nh5 34.Bf2 Nhf6 35.c5 dxc5 36.bxc5 Nxc5
37.Bxe6 Nxe6 38.Bg3 Qc8 39.Rxb6 Bc5 40.Rbb1 Rd8 41.Qb2 Ba6 42.Rxd8+ Qxd8
43.Rd1 Qc8 44.Nc2 Nh5 45.Bd6 Ba7 46.Ra1 Nd4 47.Nxd4 Bxd4 48.Qb8  1-0

[Event "1st Chinese Celebrity"]
[Site "Shenzhen CHN"]
[Date "2011.06.13"]
[Round "5"]
[White "Ding,L"]
[Black "Hou Yifan"]
[Result "1-0"]
[WhiteElo "2664"]
[BlackElo "2612"]

1.d4 e6 2.c4 Nf6 3.Nf3 b6 4.a3 Bb7 5.Nc3 d5 6.cxd5 Nxd5 7.Bd2 Nf6 8.Rc1 c5
9.e4 a6 10.e5 Nfd7 11.d5 exd5 12.Bg5 Be7 13.Bxe7 Qxe7 14.Nxd5 Qd8 15.Bc4 b5
16.Ba2 c4 17.b3 Nxe5 18.Nxe5 Bxd5 19.bxc4 Qa5+ 20.Qd2 Qxd2+ 21.Kxd2 bxc4
22.Nxc4 Bxc4 23.Rhe1+ Kd7 24.Rxc4 Nc6 25.Rg4 g6 26.Bxf7 Rab8 27.Kc3 Rhf8
28.Be6+ Kd6 29.f3 Rb5 30.Bc4 Ra5 31.Re6+ Kc7 32.Rh4 h5 33.Rxg6 Rxa3+ 34.Kb2 Ra5
35.Bb3 Ne5 36.Rg7+ Kd6 37.Rd4+ Kc6 38.Ba4+ Kc5 39.Kc3 Rc8 40.Rb7 Rg8 41.f4 Rg4
42.Re7 Ng6 43.Rc7+ Kb6 44.Rc6+ Kb7 45.Rb4+ Rb5 46.Bxb5 axb5 47.Rf6  1-0

[Event "Teplice Open"]
[Site "Teplice CZE"]
[Date "2011.06.13"]
[Round "3"]
[White "Horyna,J"]
[Black "Purkyt,Jaroslav"]
[Result "1-0"]
[WhiteElo "1886"]
[BlackElo "1825"]

1.d4 Nf6 2.Nf3 b6 3.c4 e6 4.a3 Be7 5.Nc3 Bb7 6.d5 exd5 7.cxd5 d6 8.e4 Nbd7
9.Bd3 O-O 10.O-O Ne5 11.Nxe5 dxe5 12.Qe2 Kh8 13.Be3 c6 14.dxc6 Bxc6 15.Rfd1 Qd7
16.h3 Rad8 17.Rac1 Qb7 18.Bg5 Rd4 19.Bxf6 Bxf6 20.Ba6 Qa8 21.f3 Bg5 22.Rc2 Rxd1+
23.Qxd1 Be3+ 24.Kh2 Rd8 25.Qe2 Bd4 26.g4 Qb8 27.Qc4 Be8 28.Nd5 Kg8 29.b4 Kf8
30.Kg3 h6 31.h4 Bd7 32.Qc7 Qxc7 33.Rxc7 Be6 34.Ne7 Be3 35.Nc6 Bf4+ 36.Kf2 Rd2+
37.Ke1 Rc2 38.Bb5 Rc1+ 39.Ke2 Rc2+ 40.Kd3 Rc1 41.Rxa7 Rxc6 42.Bxc6  1-0